| 000 | 00412cam a2200181ua 4500 | ||
|---|---|---|---|
| 020 | _c3.00 | ||
| 041 |
_ahin _h |
||
| 082 |
_a891.54 _bSUM/VE |
||
| 100 | _aSumitrananda, Pant. | ||
| 245 |
_aVeena grandhi / _cSumitranandan Pant. _hTextual Documents |
||
| 250 |
_a2 / _b. |
||
| 260 |
_a : _bBharati Bhandar. |
||
| 300 | _a140 ; . | ||
| 365 | _a3.00 | ||
| 504 | _a | ||
| 942 | _cBK | ||
| 999 |
_c8195 _d8195 |
||